Top 5 Girl Names by State (2010) Quiz Stats

 Plays Quiz not verified by Sporcle

Challenge
Share
Tweet
Embed
Score 0/250 Timer 04:00
0 Plays Today
State Name % Correct
AlabamaEmma
87.2%
AlaskaEmma
87.2%
ArizonaEmma
87.2%
ArkansasEmma
87.2%
CaliforniaEmma
87.2%
ColoradoEmma
87.2%
ConnecticutEmma
87.2%
FloridaEmma
87.2%
PennsylvaniaEmma
87.2%
IowaEmma
87.2%
IllinoisEmma
87.2%
GeorgiaEmma
87.2%
HawaiiEmma
87.2%
IdahoEmma
87.2%
IndianaEmma
87.2%
WisconsinEmma
87.2%
West VirginiaEmma
87.2%
WashingtonEmma
87.2%
VirginiaEmma
87.2%
VermontEmma
87.2%
UtahEmma
87.2%
TexasEmma
87.2%
TennesseeEmma
87.2%
South DakotaEmma
87.2%
South CarolinaEmma
87.2%
Rhode IslandEmma
87.2%
OregonEmma
87.2%
OklahomaEmma
87.2%
OhioEmma
87.2%
North CarolinaEmma
87.2%
New YorkEmma
87.2%
New HampshireEmma
87.2%
NevadaEmma
87.2%
NebraskaEmma
87.2%
MontanaEmma
87.2%
MissouriEmma
87.2%
MississippiEmma
87.2%
MinnesotaEmma
87.2%
MichiganEmma
87.2%
MassachusettsEmma
87.2%
MaineEmma
87.2%
LouisianaEmma
87.2%
KentuckyEmma
87.2%
KansasEmma
87.2%
CaliforniaEmily
85.5%
DelawareEmily
85.5%
FloridaEmily
85.5%
IllinoisEmily
85.5%
TexasEmily
85.5%
OregonEmily
85.5%
New JerseyEmily
85.5%
NevadaEmily
85.5%
AlabamaIsabella
79.1%
AlaskaIsabella
79.1%
ArizonaIsabella
79.1%
ArkansasIsabella
79.1%
CaliforniaIsabella
79.1%
ColoradoIsabella
79.1%
ConnecticutIsabella
79.1%
DelawareIsabella
79.1%
FloridaIsabella
79.1%
GeorgiaIsabella
79.1%
OregonIsabella
79.1%
OklahomaIsabella
79.1%
New YorkIsabella
79.1%
NevadaIsabella
79.1%
NebraskaIsabella
79.1%
LouisianaIsabella
79.1%
KansasIsabella
79.1%
IndianaIsabella
79.1%
HawaiiIsabella
79.1%
IllinoisIsabella
79.1%
WisconsinIsabella
79.1%
WyomingIsabella
79.1%
West VirginiaIsabella
79.1%
WashingtonIsabella
79.1%
VirginiaIsabella
79.1%
VermontIsabella
79.1%
TexasIsabella
79.1%
TennesseeIsabella
79.1%
South DakotaIsabella
79.1%
South CarolinaIsabella
79.1%
Rhode IslandIsabella
79.1%
PennsylvaniaIsabella
79.1%
State Name % Correct
OhioIsabella
79.1%
North DakotaIsabella
79.1%
North CarolinaIsabella
79.1%
New MexicoIsabella
79.1%
New JerseyIsabella
79.1%
New HampshireIsabella
79.1%
MontanaIsabella
79.1%
MissouriIsabella
79.1%
MississippiIsabella
79.1%
MinnesotaIsabella
79.1%
MichiganIsabella
79.1%
MassachusettsIsabella
79.1%
MarylandIsabella
79.1%
MaineIsabella
79.1%
KentuckyIsabella
79.1%
IowaIsabella
79.1%
AlaskaSophia
77.7%
ArizonaSophia
77.7%
CaliforniaSophia
77.7%
ColoradoSophia
77.7%
ConnecticutSophia
77.7%
DelawareSophia
77.7%
FloridaSophia
77.7%
Rhode IslandSophia
77.7%
New MexicoSophia
77.7%
MontanaSophia
77.7%
MissouriSophia
77.7%
MarylandSophia
77.7%
HawaiiSophia
77.7%
IdahoSophia
77.7%
IllinoisSophia
77.7%
IndianaSophia
77.7%
WisconsinSophia
77.7%
WyomingSophia
77.7%
WashingtonSophia
77.7%
VirginiaSophia
77.7%
VermontSophia
77.7%
UtahSophia
77.7%
TexasSophia
77.7%
South DakotaSophia
77.7%
PennsylvaniaSophia
77.7%
OregonSophia
77.7%
OhioSophia
77.7%
North DakotaSophia
77.7%
North CarolinaSophia
77.7%
New YorkSophia
77.7%
New JerseySophia
77.7%
New HampshireSophia
77.7%
NevadaSophia
77.7%
NebraskaSophia
77.7%
MinnesotaSophia
77.7%
MichiganSophia
77.7%
MassachusettsSophia
77.7%
MaineSophia
77.7%
KansasSophia
77.7%
IowaSophia
77.7%
AlabamaMadison
76.3%
ArkansasMadison
76.3%
South CarolinaMadison
76.3%
OklahomaMadison
76.3%
North CarolinaMadison
76.3%
MississippiMadison
76.3%
GeorgiaMadison
76.3%
WyomingMadison
76.3%
West VirginiaMadison
76.3%
TennesseeMadison
76.3%
MarylandMadison
76.3%
MaineMadison
76.3%
LouisianaMadison
76.3%
KentuckyMadison
76.3%
AlabamaOlivia
76.2%
AlaskaOlivia
76.2%
ArizonaOlivia
76.2%
ColoradoOlivia
76.2%
ConnecticutOlivia
76.2%
DelawareOlivia
76.2%
FloridaOlivia
76.2%
New JerseyOlivia
76.2%
MinnesotaOlivia
76.2%
MichiganOlivia
76.2%
MaineOlivia
76.2%
KansasOlivia
76.2%
IdahoOlivia
76.2%
GeorgiaOlivia
76.2%
State Name % Correct
IllinoisOlivia
76.2%
IndianaOlivia
76.2%
WisconsinOlivia
76.2%
WashingtonOlivia
76.2%
VirginiaOlivia
76.2%
VermontOlivia
76.2%
UtahOlivia
76.2%
South DakotaOlivia
76.2%
South CarolinaOlivia
76.2%
Rhode IslandOlivia
76.2%
PennsylvaniaOlivia
76.2%
OregonOlivia
76.2%
OklahomaOlivia
76.2%
OhioOlivia
76.2%
North DakotaOlivia
76.2%
New YorkOlivia
76.2%
New MexicoOlivia
76.2%
New HampshireOlivia
76.2%
NebraskaOlivia
76.2%
MontanaOlivia
76.2%
MissouriOlivia
76.2%
MassachusettsOlivia
76.2%
MarylandOlivia
76.2%
LouisianaOlivia
76.2%
IowaOlivia
76.2%
AlabamaAva
73%
AlaskaAva
73%
ConnecticutAva
73%
DelawareAva
73%
OhioAva
73%
New YorkAva
73%
New HampshireAva
73%
MississippiAva
73%
MassachusettsAva
73%
HawaiiAva
73%
IdahoAva
73%
IndianaAva
73%
IowaAva
73%
WisconsinAva
73%
VermontAva
73%
South DakotaAva
73%
South CarolinaAva
73%
Rhode IslandAva
73%
PennsylvaniaAva
73%
North CarolinaAva
73%
New JerseyAva
73%
NebraskaAva
73%
MissouriAva
73%
MinnesotaAva
73%
MichiganAva
73%
LouisianaAva
73%
KansasAva
73%
ArkansasChloe
57.1%
HawaiiChloe
57.1%
WyomingChloe
57.1%
ColoradoAbigail
56.7%
MarylandAbigail
56.7%
IdahoAbigail
56.7%
GeorgiaAbigail
56.7%
West VirginiaAbigail
56.7%
WashingtonAbigail
56.7%
VirginiaAbigail
56.7%
UtahAbigail
56.7%
TennesseeAbigail
56.7%
KentuckyAbigail
56.7%
North DakotaElla
54.4%
MontanaElla
54.4%
ArizonaMia
52.8%
CaliforniaMia
52.8%
NevadaMia
52.8%
TexasMia
52.8%
New MexicoMia
52.8%
ArkansasAddison
49.7%
North DakotaAddison
49.7%
KentuckyAddison
49.7%
WyomingAddison
49.7%
TennesseeAddison
49.7%
OklahomaAddison
49.7%
MississippiAddison
49.7%
UtahLily
48.7%
West VirginiaAlexis
39.9%
New MexicoNevaeh
21.4%

You're not logged in!

Compare scores with friends on all Sporcle quizzes.
OR
Log In

You Might Also Like...

Show Comments

Extras

Top Quizzes Today


Score Distribution

Your Account Isn't Verified!

In order to create a playlist on Sporcle, you need to verify the email address you used during registration. Go to your Sporcle Settings to finish the process.

Report this User

Report this user for behavior that violates our Community Guidelines.

Details: